Multiscale finite element methods (Record no. 2029)

MARC details
000 -LEADER
fixed length control field 00599 a2200181 4500
001 - CONTROL NUMBER
control field 068346
003 - CONTROL NUMBER IDENTIFIER
control field OSt
005 - DATE AND TIME OF LATEST TRANSACTION
control field 20220216142641.0
008 - FIXED-LENGTH DATA ELEMENTS--GENERAL INFORMATION
fixed length control field
082 ## - DEWEY DECIMAL CLASSIFICATION NUMBER
Classification number 518.25
Item number E25M
100 1# - MAIN ENTRY--PERSONAL NAME
Personal name Efendiev, Yalchin
245 1# - TITLE STATEMENT
Title Multiscale finite element methods
Statement of responsibility, etc by Yalchin Efendiev and Thomas Y. Hou
260 ## - PUBLICATION, DISTRIBUTION, ETC. (IMPRINT)
Place of publication, distribution, etc New York
Name of publisher, distributor, etc Springer
Date of publication, distribution, etc 2009
300 ## - PHYSICAL DESCRIPTION
Extent 234p.
653 ## - INDEX TERM--UNCONTROLLED
Uncontrolled term Finite element method; Mathematical geography; Mathematics; Mechanics, Applied; Numerical analysis; Functional analysis; Hydraulic engineering
700 ## - ADDED ENTRY--PERSONAL NAME
Personal name Hou, Thomas Y.
942 ## - ADDED ENTRY ELEMENTS (KOHA)
Source of classification or shelving scheme Dewey Decimal Classification
Koha item type Books
Holdings
Withdrawn status Lost status Source of classification or shelving scheme Damaged status Not for loan Collection code Home library Current library Date acquired Source of acquisition Cost, normal purchase price Full call number Barcode Date last seen Price effective from Koha item type
    Dewey Decimal Classification     General Text Book Central University Of Rajasthan Central University Of Rajasthan 07/03/2012 MTH 2021.00 518.25 E25M 2633 21/11/2024 02/09/2020 Books